Państwa-miasta- ,,o,, - Statystyki

Ogólne statystyki
  • Ten quiz został rozwiązany 403 razy
  • Średni wynik to 4 z 7
Statystyki odpowiedzi
wskazówka odpowiedź % Poprawnych
kraj Oman
97%
rzeka w Polsce Odra|Ochotnica|Olszanka|Olza
78%
stolica Oslo|Ottawa
69%
zawód okulista|ogrodnik|ochroniarz|ortopeda|ortodonta|onkolog
58%
kolor oberżynowy|ochra|orzechowy|oliwkowy|oranż
44%
owoc oliwka|orzech kokosowy|orzech cola|opuncja|orzech włoski
34%
roślina olsza|oleander|opuncja|ostrokrzew|oset|
28%
Nie znaleziono quizów pasujących do podanych kryteriów
Rozkład punktacji
Procent ludzi z każdym wynikiem
Percentyl według liczby udzielonych odpowiedzi
Twoja historia wyników
Nie rozwiązałeś tego quizu